000
00275nam a2200121Ia 4500
008
191201s2014 xx 000 0 und d
100
_a
SETH,M.L.
245
0
_a
Macroeconomics
260
_a
N. Delhi
_b
Lakshmi Maraian
_c
2014
300
_a
720
650
_a
BBA
942
_2
ddc
_c
BK
999
_c
6211
_d
6211